000 02006nam a22002297a 4500
008 241223e20241104po |||||o|||| 00| 0 eng d
041 _aeng
110 _aRoyal Institution of Chartered Surveyors
245 _aSeptember 2024 RICS/Ci Portuguese Housing Market Survey
_h[Electronic resource]
260 _bRoyal Institution of Chartered Surveyors & Confidencial Imobilario
_c4 November 2024
300 _a5p
490 _aPortuguese Housing Market Survey
520 _aRICS, in partnership with Confidencial Imobiliario, produces the Portuguese Housing Market Survey, a sentiment survey that collects and analyses the opinions of professionals in agency and development about the prices, availability and demand of residential property in three areas of the country: Greater Lisbon, Greater Oporto and the Algarve. The latest edition (September 2024) of the RICS/Ci PHMS presents a slightly more positive picture in comparison to recent iterations of the survey, with both demand and promised sales strengthening. Furthermore, expectations surrounding the market remain similarly upbeat with positive trends seen in both the sales and lettings market. Beginning with new buyer enquiries, the net balance has moved out of the negative zone from -2% last quarter to +2% quarter, although remains close to 0 and within neutral territory. On the supply side, there has been a noticeable decline in negativity for new instructions with the net balance for September coming in at -3%, significantly above last month’s -20%.
650 _aHOUSING MARKET
650 _aRESIDENTIAL PROPERTY
651 _aPortugal
690 _aResidential property
_96266
710 _aRoyal Institution of Chartered Surveyors
710 _aConfidencial Imobiliário
856 _uhttps://www.rics.org/content/dam/ricsglobal/documents/market-surveys/rics-ci-portuguese-housing-market-survey/portuguese-housing-market-survey-september-2024.pdf
_zAvailable free on RICS.org
942 _n0
999 _c122082
_d122082